| 000 | 00565nam a22001937a 4500 | ||
|---|---|---|---|
| 005 | 20251108165036.0 | ||
| 008 | 250721s1994 xx 000 0 ara d | ||
| 082 | 1 | 4 | _a216.2/دوس |
| 100 | 1 | _aالدوسري، فهد عبد الرحمن | |
| 245 | 1 | 0 | _aصفة وضوء النبي صلى الله عليه و سلم / |
| 250 | _aط5 | ||
| 264 | 1 |
_aالقاهره : _bمكتبة السنه، _c1994. |
|
| 300 | _a48ص | ||
| 650 | 1 | 7 | _aالإسلام |
| 650 | 1 | 7 | _aالفقه الإسلامي |
| 650 | 1 | 7 | _aالعبادة |
| 942 |
_2ddc _cBK |
||
| 999 |
_c20673 _d20673 |
||